Missing Word: TV AA - AZ Quiz Stats

 Plays Quiz Updated Apr 8, 2018

Score 0/24 Timer 04:00
1 Play Today
TV Show Answer % Correct
Arrested ___ (D)Development
96.3%
Are We There ___? (Y)Yet
96.2%
All Grown ___! (U)Up
96.2%
America's Most ___ (W)Wanted
96.2%
America's Prom ___ (Q)Queen
93.2%
Average ___ (J)Joe
91.2%
Ally ___ (M)McBeal
88.8%
Ace Crawford, Private ___ (E)Eye
88.7%
American Horror ___ (S)Story
88.7%
Agent ___ (X)X
86.6%
Arabian ___ (K)Knights
86.1%
American ___ (I)Idol
85.5%
TV Show Answer % Correct
The Amazing ___ (R)Race
83.2%
Annie ___ (O)Oakley
77.6%
Amos 'n' ___ (A)Andy
77.1%
Adventure ___ (T)Time
77.1%
Archie Bunker's ___ (P)Place
71%
Absolutely ___ (F)Fabulous
70.9%
Astro ___ (B)Boy
68.3%
Anything but ___ (L)Love
58.7%
Alien ___ (N)Nation
57.7%
Agent ___ (C)Carter
36.1%
Alpha ___ (H)House
33.4%
American ___ (G)Gods
20.2%

Today's Daily Dose

Missing Word
Banned Books (A-Z)

Word Ladder
Janis Joplin

Get the Picture
Occupations

You're not logged in!

Compare scores with friends on all Sporcle quizzes.
OR
Log In

Sporcle TV

Today on Sporcle TV


Watch our educational content, quiz creation guides, and fun videos on Sporcle TV.

Show Comments

Extras

Top Quizzes Today


Score Distribution

Your Account Isn't Verified!

In order to create a playlist on Sporcle, you need to verify the email address you used during registration. Go to your Sporcle Settings to finish the process.

Report this User

Report this user for behavior that violates our Community Guidelines.

Details: